000 00555nam a2200205Ia 4500
003 GCL
008 140319s9999 xx 000 0 ara d
040 _aGCL /
_cGCL
082 0 4 _a229.5
_bم ح
100 1 _aمحمود شلبى
245 1 0 _aحياة داوود /
_cمحمود شلبى
260 _a[S.N] :
_bدار الجيل ،
_c1985
300 _a208 ص
490 _a
650 0 4 _aقصص الانبياء
650 0 4 _aالرسل
650 0 4 _aداوود عليه السلام
650 0 4 _aالقصص القرآنية
942 _2ddc
_cBK
999 _c54087
_d54087